Sports Quiz

Random Sports or Football Quiz

4 ans en L2 (2012/2016), tous les joueurs du DFCO Quiz Stats

 Plays Quiz not verified by Sporcle

Score 0/61 Timer 08:00
0 Plays Today
Réponse % Correct
Reynet
96.6%
Diony
86.4%
Tavares
85.2%
Varrault
84.7%
Sammaritano
78%
Bamba
74.6%
Amalfitano
74.6%
Paulle
72.9%
Lees-Melou
71.2%
Gastien
69.5%
Riviere
69.5%
Souprayen
67.8%
Souquet
67.8%
Jullien
67.8%
Marié
64.4%
Bela
61%
Thiam
61%
Bernard
59.3%
Belmonte
59.3%
Paye
57.6%
Guerbert
57.6%
Basilio
57.6%
Corgnet
55.9%
Cissé
54.2%
Philippoteaux
54.2%
Loties
54.2%
Diallo
52.5%
Jovial
52.5%
Perraud
52.5%
Mollet
50.8%
Lecomte
50.8%
Réponse % Correct
Maury
50.8%
Ngoyi
47.2%
Diabaté
45.8%
Berenguer
45.8%
Sankharé
44.1%
Dilo
44.1%
Said
44.1%
Tchagouni
42.4%
Rémy
42.4%
Benet
42.4%
Andonian
42.4%
Koné
39%
Thil
36.7%
Caceres
35.6%
Raspentino
35.6%
Baradji
33.9%
Babit
33.9%
Sané
33.9%
Malouda
23.7%
Altama
23.7%
Mulumba
20.3%
Yeboah
18.6%
Rodrigues
18.6%
Achour
15.3%
Sorin
15.3%
Bizet
13.8%
Jouffreau
11.9%
Ndengila
6.8%
Hamzaoui
5.1%
El Hakkar
0%

You're not logged in!

Compare scores with friends on all Sporcle quizzes.
Join for Free
OR
Log In

You Might Also Like...

Show Comments

Extras

Created Apr 22, 2016ReportNominate
Tags:Football Quiz

Top Quizzes Today


Score Distribution

Your Account Isn't Verified!

In order to create a playlist on Sporcle, you need to verify the email address you used during registration. Go to your Sporcle Settings to finish the process.

Report this User

Report this user for behavior that violates our Community Guidelines.

Details: